000
00328nam a2200133Ia 4500
008
240624s9999 xx 000 0 und d
041
_a
eng
082
_a
658.3 BAR
100
_a
BARKER ALAN
245
_a
HOW TO HOLD BETTER MEETINGS
260
_c
2009
_a
New Delhi
_b
Kogan Page
300
_a
144 : p. ; 22cm.
365
_c
RS
_b
33.5
999
_c
18849
_d
18849